| 000 | 00909nam a22002537a 4500 | ||
|---|---|---|---|
| 003 | OSt | ||
| 005 | 20230421144121.0 | ||
| 008 | 221006b |||||||| |||| 00| 0 eng d | ||
| 040 | _cBiblioteca Lado V | ||
| 082 |
_a700 _bM986r |
||
| 111 |
_9811 _aMuseo de Arte Moderno de Bogota _jeditor |
||
| 245 |
_aRevista Asterisco 9/ _bFicciones de Archivo/ |
||
| 260 |
_bFGAA _c2010 _aColombia |
||
| 300 |
_c21x29cm _a63p. |
||
| 490 |
_a3 _v2010 _x2011-0758 |
||
| 650 |
_2Tesauro de Arte & Arquitectura _aARTE _9703 |
||
| 650 |
_2Tesauro de Arte & Arquitectura _aARTE VISUAL |
||
| 650 |
_2Tesauro de Arte & Arquitectura _aREVISTA |
||
| 650 |
_2Tesauro de Arte & Arquitectura _aARTES PLASTICAS |
||
| 650 |
_2Tesauro de Arte & Arquitectura _aCRITICA |
||
| 650 |
_2Tesauro de Arte & Arquitectura _aGANADOR |
||
| 651 |
_2Tesauro de Arte & Arquitectura _aCOLOMBIA |
||
| 942 |
_2ddc _c1 _h700 _iM986r _n0 |
||
| 999 |
_c3437 _d3437 |
||